Indira Gandhi: vyaktitv avam krititv (Hindi) (Record no. 405874)

000 -LEADER
fixed length control field 00293cam a22001097a 4500
008 - FIXED-LENGTH DATA ELEMENTS--GENERAL INFORMATION
fixed length control field 180718b1995 xxu||||| |||| 00| 0 eng d
100 ## - MAIN ENTRY--PERSONAL NAME
Personal name Sharan
245 ## - TITLE STATEMENT
Title Indira Gandhi: vyaktitv avam krititv (Hindi)
Statement of responsibility, etc. by Sharan
260 ## - PUBLICATION, DISTRIBUTION, ETC.
Place of publication, distribution, etc. Delhi
Name of publisher, distributor, etc. Adhunik
Date of publication, distribution, etc. 1995
300 ## - PHYSICAL DESCRIPTION
Extent 240p.
650 ## - SUBJECT ADDED ENTRY--TOPICAL TERM
Topical term or geographic name entry element Indira Gandhi
Holdings
Withdrawn status Lost status Damaged status Not for loan Permanent Location Current Location Date acquired Barcode Date last seen Price effective from Koha item type
        Indian Institute of Public Administration Indian Institute of Public Administration 2006-08-26 70224 2018-07-21 2018-07-21 Book

Powered by Koha